00780ngm a22002417a 450000500170000000800410001704100080005808200120006611000090007824500310008726000150011826000100013326000090014330000150015250002380016765000150040565000120042065000130043265000110044565000310045665000300048765000210051720220614161052.0150526b xxu||||| |||| 00| 0 spa d aspa a368 DVD aUNED aTradiciones: Los boyeros. aCosta Rica bEUNED c2014 a27 minutos aImportancia del boyero costarricense. Significado de los bueyes, la importancia como medio de transporte en el siglo pasado. Atenas como ruta de paso para llevar café. Historias de los boyeros y su problemática como agricultores aCOSTA RICA aBOYEROS aCARRETAS aBUEYES aTRADICIONES COSTARRICENSES aCOSTUMBRES COSTARRICENSES aYUNTAS DE BUEYES